| 000 | 00784nam a22002177a 4500 | ||
|---|---|---|---|
| 999 |
_c19513 _d19513 |
||
| 003 | AR-CdUCM | ||
| 008 | 190517b ||||| |||| 00| 0 spa d | ||
| 040 |
_aMUNICIPALIDAD PROVINCIAL DEL CUSCO _cBIBLIOTECA MUNICIPAL DEL CUSCO |
||
| 082 |
_a611.018 / _bA68 |
||
| 100 |
_aArevalo, Jose Luis _940886 |
||
| 245 | _aManual de histología humana / | ||
| 260 |
_aBuenos Aires : _bColumba, _c1889. |
||
| 300 |
_a379 páginas ; _c24 cm. |
||
| 440 |
_aCentro regional de ayuda técnica _940809 |
||
| 505 | _aContenido : Técnica de estudio en histología -- Nociones generales de histología -- Generalidades sobre tejidos... | ||
| 650 |
_aClasificación de tejidos _940887 |
||
| 650 |
_aCitología _918925 |
||
| 650 |
_aAparato reproductor _940888 |
||
| 942 |
_2ddc _cLIBROS |
||
| 945 | _arcc | ||